Obras
Kaydedildi:
| Asıl Yazarlar: | , |
|---|---|
| Materyal Türü: | Kitap |
| Dil: | İspanyolca |
| Baskı/Yayın Bilgisi: |
Madrid
Imprenta de los sucesores de Hernando
1909
|
| Edisyon: | 1a. ed |
| Seri Bilgileri: | Biblioteca de Autores Españoles, 2
|
| Konular: | |
| Etiketler: |
Etiketle
Etiket eklenmemiş, İlk siz ekleyin!
|
MARC
| LEADER | 00000nam a2200000 a 4500 | ||
|---|---|---|---|
| 001 | UCJ7088 | ||
| 003 | CL-VaPUC | ||
| 008 | 070124e19090000SP |||||||||||||||||spa|d | ||
| 082 | 0 | 4 | |a 860 |b FER |2 21 |
| 100 | 0 | |a Fernández de Moratín, Nicolás |e author |9 321784 | |
| 700 | 0 | |a Fernández de Moratín, Leandro |e author |9 321783 | |
| 245 | 1 | 0 | |a Obras |
| 246 | 1 | 0 | |a Anacreóntica |
| 246 | 1 | 0 | |a Epigramas |
| 246 | 1 | 0 | |a Orígenes del teatro español |
| 246 | 1 | 3 | |a El sí de las niñas |
| 246 | 1 | 3 | |a La comedia nueva |
| 250 | |a 1a. ed | ||
| 300 | |a xxxviii, 636 p | ||
| 942 | |c BK | ||
| 945 | |d 20070124 00:00:00 |a rinostro | ||
| 260 | |a Madrid |b Imprenta de los sucesores de Hernando |c 1909 | ||
| 500 | |a 8§, pasta española.- Anteport.- v. en b.- Port.- v. en b.- | ||
| 650 | 0 | |a Teatro español |9 265077 | |
| 650 | 0 | |a Poesía española |9 264938 | |
| 650 | 7 | |a BIOGRAFIA |2 CL-VaPUC |9 504622 | |
| 650 | 0 | |a Crítica literaria |9 269189 | |
| 650 | 0 | |a Sátira |9 313713 | |
| 583 | |a last modification |c 20070124 00:00:00 |k Rodrigo Vera | ||
| 490 | 0 | |a Biblioteca de Autores Españoles, 2 | |
| 999 | |c 323188 |d 323186 | ||
| 952 | |0 0 |1 0 |4 0 |6 860_000000000000000_FER_1909 |7 0 |8 X |9 402587 |a FDOBUD |b FDOBUD |d 2019-11-22 |i 105838K |o 860 FER 1909 |p 105838K |r 2019-11-22 |w 2019-11-22 |y BK_X |k BUD | ||